A field study of ambient air quality in Singapore using the annular denuder sampler /
Saved in:
| Main Author: | |
|---|---|
| Format: | Thesis Book |
| Language: | English |
| Published: |
1999.
|
| Subjects: | |
| Tags: |
Add Tag
No Tags, Be the first to tag this record!
|
| LEADER | 00907cam a2200265 a 4500 | ||
|---|---|---|---|
| 001 | u450268 | ||
| 003 | SIRSI | ||
| 008 | 990805s1999 si v 00 eng m | ||
| 035 | |a ACI-7468 | ||
| 040 | |a UMM | ||
| 043 | |a a-si--- | ||
| 090 | |a TD7 |b NUS 1999 Qin | ||
| 100 | 1 | 0 | |a Qin, Zhen |
| 245 | 1 | 2 | |a A field study of ambient air quality in Singapore using the annular denuder sampler / |c by Qin Zhen. |
| 260 | |c 1999. | ||
| 300 | |a ix, 108 leaves : |b ill. ; |c 30 cm. | ||
| 502 | |a Dissertation (M.Eng.) -- National University of Singapore, 1999. | ||
| 504 | |a Bibliography: leaves 96-106. | ||
| 650 | 0 | |a Air |x Pollution |z Singapore. | |
| 650 | 0 | |a Air quality |z Singapore. | |
| 650 | 0 | |a Air |x Pollution |x Measurement |x Equipment and supplies. | |
| 948 | |a 21/01/2000 |b 01/11/2002 | ||
| 900 | |a NHS | ||
| 596 | |a 1 | ||
| 999 | |a TD7 NUS 1999 QIN |w LC |c 1 |i A509451070 |l B_KOM4 |m P01UTAMA |r Y |s Y |t TESIS |u 12/11/2002 |o .PUBLIC. BKOM 4 : 4496 | ||
